Innova Flat Systems Az okos lakások magyar piacának elemzése

Bibliográfiai részletek
Szerző: Krainik Leila
További közreműködők: Szabó Dr. habil Zoltán
Dokumentumtípus: Diplomadolgozat
Kulcsszavak:Okos otthon
Innova Flat Systems
Ingatlanpiac
Marketing
Online Access:http://dolgozattar.uni-bge.hu/13893

MARC

LEADER 00000nta a2200000 i 4500
001 dolg13893
005 20221011120206.0
008 171211suuuu hu om 000 hun d
040 |a BGE Dolgozattár Repozitórium  |b hun 
041 |a hu 
100 1 |a Krainik Leila 
245 1 0 |a Innova Flat Systems  |b Az okos lakások magyar piacának elemzése  |c Krainik Leila  |h [elektronikus dokumentum] 
695 |a Okos otthon 
695 |a Innova Flat Systems 
695 |a Ingatlanpiac 
695 |a Marketing 
700 1 |a Szabó Dr. habil Zoltán  |e ths 
856 4 0 |u http://dolgozattar.uni-bge.hu/13893/1/Krainik%20Leila_szakdolgozat_20171211.pdf  |z Dokumentum-elérés